| 000 | 01750nam a2200337 i 4500 | ||
|---|---|---|---|
| 001 | 768714001 | ||
| 003 | CO-MdFUSB | ||
| 005 | 20260326111032.0 | ||
| 007 | ta | ||
| 008 | 241104t2002 sz ||||| |||| 001 0 spa d | ||
| 020 | _a2-88208-104-9 | ||
| 040 |
_bspa. _aCO-MdFUSB _cCO-MdFUSB _dCO-MdFUSBC _erda |
||
| 041 |
_aspa _heng |
||
| 082 |
_223 _a222.13 _bM158 |
||
| 100 |
_aMackintosh, Charles Henry, _d1820-1896 _eautor |
||
| 245 |
_aEstudio sobre el libro del Levítico _c/ C. H. Mackintosh |
||
| 250 | _aCuarta edición en castellano | ||
| 264 | 1 |
_aPerroy, Suiza : _bEdiciones Bíblicas, _c[2002] |
|
| 264 | 4 | _c©2002 | |
| 300 |
_a256 páginas _c; 20 cm |
||
| 336 |
_2rdacontent _atexto _btxt |
||
| 337 |
_2rdamedia _asin mediación _bn |
||
| 338 |
_2rdacarrier _avolumen _bnc |
||
| 500 | _aIncluye índice | ||
| 505 | _aEl holocausto - La ofrenda vegetal: Cristo en su humanidad - El sacrificio de paz: la comunión - Los sacrificios por el pecado Los sacrificios por la culpa - La ley de las diversas ofrendas - El sacerdocio - El hombre corrompe las instituciones divinas- Animales puros y animales impuros- Purificación de la mujer que da a luz- La ley del leproso - Impureza inherente la naturaleza humana - "- El gran día de la expiación - La vida pertenece a Dios - Un pueblo santo, como Jehová es santo – Exigencias divinas para los sacerdotes - Las siete fiestas de Jehová - Israel, conservado para el país de Canaán - Canaán conservado para la casa de Israel - Obediencia y desobediencia - Cosas consagradas a Dios | ||
| 563 | _aPasta dura | ||
| 630 | 0 | 7 |
_aBiblia. _pLevíticos _xCrítica, interpretación, etc. |
| 650 | 7 |
_aHermenéutica bíblica _2embne _97333 |
|
| 942 | _cBK | ||
| 945 | _aCatherine Arias Alvarez | ||
| 999 |
_c71149 _d71149 |
||